000 02668nam a2200289 a 4500
001 000035681
005 20260415174539.0
008 111108s2009 dr ac 001 0 spa d
020 _a9789945131055
040 _aDO-SdBNP
_bspa
_cBNPHU
082 _a335.434
_bF825o
100 1 _aFranco, Franklin J.,
_d1936-
_934417
245 1 4 _aLos orígenes del socialismo latinoamericano y dominicano :
_bcontribución a su estudio /
_cFranklin Franco Pichardo.
260 _aSanto Domingo :
_bSociedad Editorial Dominicana,
_c2009.
300 _a197 p. :
_bil., retrs. ;
_c23 cm.
504 _aBibliografía : p. 197.
505 0 _gPresentación --
_tGénesis --
_tOrigen del concepto socialismo --
_tSocialismo democrático o socialdemocracia --
_tLa comuna de París --
_tLa emigración europea hacia América --
_tLa influencia de los inmigrantes --
_tEl socialismo latinoamericano I --
_tEl socialismo latinoamericano II --
_tAnarquistas y socialistas --
_tEl argentino Ugarte y el peruano Prada --
_tLa influencia de la Revolución Rusa --
_tRodó en Santo Domingo --
_tJosé Ingenieros --
_tMariátegui --
_tEl salvadoreño Farabundo Martí y su vida ejemplar --
_tRafael Barrett: teórico del socialismo anarquista latinoamericano --
_tLos orígenes del socialismo en República Dominicana --
_tLos refugiados españoles --
_tEl costo del intervencionismo imperialista en Cuba --
_tLos comunistas dominicanos en 1946 --
_tEl tortuoso surgimiento del socialismo venezolano: una lección para la historia --
_tLa "apertura" de la dictadura de Trujillo --
_tLa segunda guerra mundial y sus repercusiones en el seno de los grupos obreros y femeninos --
_tLa segunda guerra mundial y sus repercusiones I --
_tLa segunda guerra mundial y sus repercusiones II --
_tLa guerra fría --
_tLa guerra fría II --
_tLos soviets cubanos --
_tLa guerra fría en Cuba --
_tDe la guerra fría al 26 de julio --
_tLos marxistas dominicanos y la revolución cubana --
_tLos marxistas dominicanos y la revolución cubana II --
_tContradicciones entre Bosch y el "socialdemócrata" Peña Gómez --
_t(De Watergate a Watergulf: La caída del régimen Balaguerista) --
_gBibliografía.
590 _aInventariado, 2018/BT
650 4 _aPartidos socialistas
_zAmérica Latina
_xEnsayos , conferencias, etc.
_961604
650 0 _a
_912155
650 4 _aSocialismo en américa latina
_xEnsayos , conferencias, etc.
_953958
650 4 _aSocialismo en república dominicana
_961605
650 4 _aSocialismo y sociedad
_xEnsayos , conferencias, etc.
_912388
650 4 _aDiarios dominicanos
_xSecciones, columnas, etc.
_944
730 0 _aListín Diario (República Dominicana)
_91199
910 _aValidado. Control de calidad. EMS
999 _c35172
_d35172